| 000 | 00600pam a2200217 a 4500 | ||
|---|---|---|---|
| 001 | 2332703 | ||
| 005 | 20180206081157.0 | ||
| 008 | 820706s1983 nyua b 001 0 eng | ||
| 010 | _a 82013471 | ||
| 020 |
_a0471081795 : _c$34.95 (est.) |
||
| 040 |
_aDLC _cDLC _dDLC |
||
| 041 | _aeng | ||
| 080 | _a658 BEN | ||
| 082 | 0 | 0 |
_a658 BEN _219 |
| 100 | 1 | _a54 | |
| 101 | _aMEN | ||
| 245 | 1 | 0 |
_aResource management : _cPaul S. Bender. |
| 504 | _aBibliography: p. 208-218. | ||
| 906 |
_a7 _bcbc _corignew _d1 _eocip _f19 _gy-gencatlg |
||
| 942 |
_2ddc _cBK |
||
| 999 |
_c41934 _d41934 |
||